000 01402nam2a22002411 4500
001 rc\166565
005 20250621061521.0
035 _a(NLR Aleph) 005616202
090 _a6456918
_c6456918
100 _a20030307d1996 |||y0rusy50 ca
101 0 _arus
102 _aRU
105 _aa |||||||||
200 0 _aЧ. 1
210 _d1996
_aБ. м.
215 _a30 с.
_cил.
320 _aБиблиогр.: с. 29
461 0 _1001rc\166564
_12001#$aФормообразование большепролетных пространственных покрытий$eУчеб. пособие$e[Для студентов спец. 29.01]$fИ.Н. Мишанин, А.Г. Гаврилов, Т.А. Мишанина$gГос. ком. Рос. Федерации по высш. образованию. Пенз. гос. архит.-строит. ин-т$vЧ. 1
_1700#1$aМишанин$bИ.Н.$gИван Никифорович
_96456912
_aМишанин, И.Н.
_cПенза
_d1996
_fИ.Н. Мишанин, А.Г. Гаврилов, Т.А. Мишанина
_nПенз. гос. архит.-строит. ин-т
_oУчеб. пособие : [Для студентов спец. 29.01]
_tФормообразование большепролетных пространственных покрытий
_vЧ. 1
801 0 _aRU
_bNLR
_gpsbo
801 1 _aRU
_bELAR
_2rusmarc
852 _aNLR
_j97-6/46
942 _cBOOK
980 _aNB